ARRUPE JESUIT UNIVERSITY

CORONAVIRUS -STOP THE SPREAD - CLEAN,DISINFECT,COVER

Zambia and the Barotseland agreement, 1964 / (Record no. 123944)

MARC details
000 -LEADER
fixed length control field 01026cam a2200325Ki 4500
001 - CONTROL NUMBER
control field 11562336
003 - CONTROL NUMBER IDENTIFIER
control field ARRUPE
005 - DATE AND TIME OF LATEST TRANSACTION
control field 20160118153852.0
008 - FIXED-LENGTH DATA ELEMENTS--GENERAL INFORMATION
fixed length control field 150908s2013 za a 000 0 eng d
020 ## - INTERNATIONAL STANDARD BOOK NUMBER
International Standard Book Number 9789982224680
020 ## - INTERNATIONAL STANDARD BOOK NUMBER
International Standard Book Number 9982224689
035 ## - SYSTEM CONTROL NUMBER
System control number (OCoLC)922940133
035 ## - SYSTEM CONTROL NUMBER
System control number (OCoLC)ocn922940133
035 ## - SYSTEM CONTROL NUMBER
System control number (NNC)11562336
040 ## - CATALOGING SOURCE
Original cataloging agency CUY
Language of cataloging eng
Description conventions rda
Transcribing agency CUY
Modifying agency CUY
043 ## - GEOGRAPHIC AREA CODE
Geographic area code f-za---
050 ## - LIBRARY OF CONGRESS CALL NUMBER
Classification number DT3113.M941 2013
090 ## - LOCALLY ASSIGNED LC-TYPE CALL NUMBER (OCLC); LOCAL CALL NUMBER (OCLC)
Classification number (OCLC) (R) ; Classification number, CALL (RLIN) (NR) DT3113
Local cutter number (OCLC) ; Book number/undivided call number, CALL (RLIN) .M82 2013
300 ## - PHYSICAL DESCRIPTION
Dimensions 26 cm.
100 1# - MAIN ENTRY--PERSONAL NAME
Personal name Mubita, Malumo,
Relator term author.
9 (RLIN) 21517
245 10 - TITLE STATEMENT
Title Zambia and the Barotseland agreement, 1964 /
Statement of responsibility, etc by Malumo Mubita and Beatwell Sekeleti Chisala.
260 ## - PUBLICATION, DISTRIBUTION, ETC. (IMPRINT)
Place of publication, distribution, etc Lusaka
Name of publisher, distributor, etc Mubita and Chisala
Date of publication, distribution, etc 2013
300 ## - PHYSICAL DESCRIPTION
Extent vi, 360 p.;
610 10 - SUBJECT ADDED ENTRY--CORPORATE NAME
Corporate name or jurisdiction name as entry element Barotseland
Title of a work Agreement
Date of meeting or treaty signing 1964
9 (RLIN) 21518
651 #0 - SUBJECT ADDED ENTRY--GEOGRAPHIC NAME
Geographic name Zambia
General subdivision Politics
Chronological subdivision 1964- .
9 (RLIN) 21519
651 #0 - SUBJECT ADDED ENTRY--GEOGRAPHIC NAME
Geographic name Zambia
General subdivision History
9 (RLIN) 21520
700 1# - ADDED ENTRY--PERSONAL NAME
Personal name Chisala, Beatwell S.
Fuller form of name (Beatwell Sekeleti),
Dates associated with a name 1947-
Relator term author.
9 (RLIN) 21521
942 ## - ADDED ENTRY ELEMENTS (KOHA)
Source of classification or shelving scheme Library of Congress Classification
Koha item type Monograph ( Printed materials)
948 0# - LOCAL PROCESSING INFORMATION (OCLC); SERIES PART DESIGNATOR (RLIN)
Series part designator, SPT (RLIN) 20150908
b (OCLC) b
c (OCLC) dc21
d (OCLC) MPS
Holdings
Withdrawn status Lost status Source of classification or shelving scheme Damaged status Not for loan Collection code Home library Current library Shelving location Date acquired Total Checkouts Full call number Barcode Date last seen Price effective from Koha item type
    Library of Congress Classification     Main Collection ARRUPE LIBRARY ARRUPE LIBRARY Main Collection 18/01/2016   DT3113.M941 2013 46500005822 07/12/2017 18/01/2016 Monograph ( Printed materials)

 

Arrupe Library. PO Box MP320 Mt Pleasant, Harare, Zimbabwe
263 242 745411|librarian@aju.ac.zw